00699cam a22002291 4500001001300000003000400013005001700017008004100034010001700075035001900092040004200111042001200153050001800165110004200183245003700225260006100262300001800323504002700341650005300368650003100421999001700452l 42000075 DLC20260227111537.0820226s1940 mdu 000 0 eng c al 42000075  a(OCoLC)8199727 aU.S. Dept. of labor. Libr.cODaUdDLC apremarc00aHD6994.B3bB32 aBaltimore Council of Social Agencies.10aBudgets for low income families. aBaltimore,bBaltimore Council of Social Agencies,c1940. a43 p.c23 cm. aBibliography: p.42-43. 0aCost and standard of livingzMarylandzBaltimore 0aHome economicsxAccounting c36377d36377